| 000 | 00930nmc a2200313 a 4500 | ||
|---|---|---|---|
| 003 | AR-BaBNM | ||
| 005 | 20251128205239.0 | ||
| 008 | 278019s1995 ||||||||||||||000 | spa|| | ||
| 040 | _cAR-BaBNM | ||
| 100 | 1 | _aMosquera, Alberto Gerónimo | |
| 245 | 1 | 0 | _aSarmiento y la Constitución Nacional |
| 250 | _a1ª ed. | ||
| 260 |
_aBuenos Aires _bMarymar _c1995 |
||
| 300 | _a135 p. | ||
| 490 | 0 | _aCiencia política | |
| 504 | _aBibliografía al final de cada capítulo | ||
| 600 | 1 | 4 | _aAlberdi, Juan Bautista |
| 600 | 1 | 4 |
_aSarmiento, Domingo Faustino _d1868-1874 |
| 650 | 4 | _aHISTORIA ARGENTINA | |
| 650 | 4 | _aHISTORIA CONSTITUCIONAL | |
| 650 | 4 | _aORGANIZACION NACIONAL | |
| 650 | 4 | _aHISTORIA DE LA EDUCACION | |
| 650 | 4 | _aHISTORIA DE LAS IDEAS | |
| 650 | 4 | _aCONGRESO CONSTITUYENTE DE 1853 | |
| 700 | 1 |
_aAncarola, Gerardo _eprologuista |
|
| 800 | 1 |
_aAncarola, Gerardo _edirector |
|
| 942 | _cBK | ||
| 998 | _cmariana | ||
| 999 |
_c10581 _d10581 |
||